Cesty k zvyšovaniu efektivity v podnikoch
Rastúca konkurencia v prostredí stagnujúcich ekonomík núti firmy kontinuálne zlepšovať svoju kondíciu znižovaním nákladov, zvyšovaním flexibility a zjednodušovaním štruktúry. Za posledné roky firmy zoštíhlili svoje organizačné štruktúry, pretendrovali dodávateľov s cieľom zníženia nákladov, presťaho...
Enregistré dans:
| Auteur principal: | |
|---|---|
| Format: | Chapitre de livre |
| Langue: | slovaque |
| Sujets: | |
| Tags: |
Pas de tags, Soyez le premier à ajouter un tag!
|
MARC
| LEADER | 00000naa a2200000 4500 | ||
|---|---|---|---|
| 001 | 0200171 | ||
| 005 | 20221019175450.5 | ||
| 041 | 0 | |a slo | |
| 044 | |a SK | ||
| 245 | 1 | 0 | |a Cesty k zvyšovaniu efektivity v podnikoch |c Marian Bódi |
| 520 | |a Rastúca konkurencia v prostredí stagnujúcich ekonomík núti firmy kontinuálne zlepšovať svoju kondíciu znižovaním nákladov, zvyšovaním flexibility a zjednodušovaním štruktúry. Za posledné roky firmy zoštíhlili svoje organizačné štruktúry, pretendrovali dodávateľov s cieľom zníženia nákladov, presťahovali sa do lacnejších priestorov, poškrtali niektoré benefity a obmedzili aktivity, ktoré neprinášajú okamžitú hodnotu pre firmu. Mnohé z vyššie uvedených opatrení priniesli želaný efekt, avšak ich potenciál sa vyčerpal, a v ďalšom medziročnom porovnávaní už neprispievajú k požadovanej kontinuálnej optimalizácii nákladov, nehovoriac o nepriamych dopadoch na dlhodobú kondíciu firmy. | ||
| 610 | 2 | 0 | |a efektívnosť ekonomická |
| 610 | 2 | 0 | |a podnik |
| 610 | 2 | 0 | |a optimalizácia |
| 610 | 2 | 0 | |a konkurencieschopnosť |
| 610 | 2 | 0 | |a úspory finančné |
| 100 | 1 | |a Bódi, Marian | |